भारतीय दर्शन की चिंतन परंपरा (Record no. 1238266)

MARC details
000 -LEADER
fixed length control field 00956nam a22002297a 4500
005 - DATE AND TIME OF LATEST TRANSACTION
control field 20250127122134.0
008 - FIXED-LENGTH DATA ELEMENTS--GENERAL INFORMATION
fixed length control field 250127b |||||||| |||| 00| 0 eng d
020 ## - INTERNATIONAL STANDARD BOOK NUMBER
International Standard Book Number 978-93-87200-34-0 (hbk)
037 ## - SOURCE OF ACQUISITION
Terms of availability TB
040 ## - CATALOGING SOURCE
Original cataloging agency AL
Transcribing agency AL
041 ## - LANGUAGE CODE
Source of code hin
Language code of text/sound track or separate title hin
084 ## - COLON CLASSIFICATION NUMBER
Classification number R6v 152R3
Assigning agency AL
100 ## - MAIN ENTRY--PERSONAL NAME
Personal name मिश्रा, ममता
9 (RLIN) 734839
245 ## - TITLE STATEMENT
Title भारतीय दर्शन की चिंतन परंपरा
260 ## - PUBLICATION, DISTRIBUTION, ETC.
Place of publication, distribution, etc. वाराणसी, भारत:
Name of publisher, distributor, etc. कला प्रकाशन,
Date of publication, distribution, etc. 2023
300 ## - PHYSICAL DESCRIPTION
Extent x, 300 पृ0
365 ## - TRADE PRICE
Price amount 1200.00
Currency code INR
650 ## - SUBJECT ADDED ENTRY--TOPICAL TERM
Topical term or geographic name entry element दर्शन शास्त्र
9 (RLIN) 734840
653 ## - INDEX TERM--UNCONTROLLED
Uncontrolled term दर्शन शास्त्र
942 ## - ADDED ENTRY ELEMENTS (KOHA)
Source of classification or shelving scheme Colon Classification (CC)
Koha item type Textbook
Classification part R6v 152R3
Suppress in OPAC No
Holdings
Withdrawn status Lost status Source of classification or shelving scheme Damaged status Not for loan Home library Current library Date acquired Source of acquisition Inventory number Total Checkouts Full call number Barcode Date last seen Date last checked out Price effective from Koha item type
    Colon Classification (CC)     Arts Library Arts Library 2025-01-27 ईस्टर्न बुक लिंकर्स 94 & 2024-12-02 1 R6v 152R3 AL1804043 2025-05-09 2025-04-08 2025-01-27 Textbook
Copyright @ Delhi University Library System